00856nam a2200241 a 450000100060000000300080000600500170001400800410003102000150007203500190008704000270010604100080013308200270014110000310016824500800019926000430027930000240032250400410034665100520038794200120043999900170045195201460046836420BD-RjUL20211209052502.0140622s1979 nyu b 000 0 eng d a0312099681 a(BD-RjUL)36517 aDLCcDLCbengdBD-RjUL aeng00a320.4073220bLEP 19791 aLevine, Herbert M.911084000aPoint-counterpoint :breadings in American government /cHerbert M. Levine. aNew York :bSt. Martin's Press,c1979. ax, 439 p. ;c23 cm. aIncludes bibliographical references. 0aUnited StatesxPolitics and government.9110841 2ddccBK c36420d36420 00102ddc40718NFICaRUCLbRUCLcReadingd1987-07-26eAsia foundationg0.00l0o320.4073 LEP 1979r2014-06-22 00:00:00tC-1w2021-12-09yBK